000 00340nam a2200157Ia 4500
100 _aGelder/E
650 _aElectrical Engineering
490 _v23
942 _cRB
654 _aTransistors
245 _aTransistors As Af- Amplifier
260 _bWiley Eastern.
_aNEW DELHI
_c1991
300 _a72
546 _aENGLISH
999 _c30607
_d30607